000
00294 a2200133 4500
001
194979
040
_c
Magnum
100
_a
Torero, José Roberto
240
1
0
_a
Chapeuzinhos coloridos
_l
por
245
1
0
_a
Chapeuzinhos coloridos
300
_a
15
697
_a
LITERATURA INFANTIL
942
_c
BK
999
_c
194979
_d
194979